| 000 | 00798nas a2200265 4500 | ||
|---|---|---|---|
| 001 | BR0201775 | ||
| 003 | BR-BrBNA | ||
| 005 | 20231205102839.0 | ||
| 007 | ta | ||
| 008 | 230509b bl.|||p| |||| 00| 00por d | ||
| 040 |
_aBR-BrBNA _bpor _cBiblioteca Nacional de Agricultura |
||
| 041 | _a(Pt) | ||
| 072 | _aH10 | ||
| 100 | 1 | _aMonteiro, R.C. | |
| 100 | 1 | _aMound, L.A. | |
| 100 | 1 | _aZucchi, R.A. | |
| 245 | 1 | _aEspécies de Frankliniella (Thysanoptera: Thripidae)de importância agrícola no Brasil | |
| 650 | _aTrips | ||
| 650 | _aPraga de Planta | ||
| 650 | _aTaxonomia Vegetal | ||
| 650 | _aProdução Vegetal | ||
| 773 | 0 |
_tNeotropical Entomology (Brazil) _xISSN 0301-8059 _g(Mar 2001), v. 30(1) p. 65-72 _wBR0201775 |
|
| 909 |
_a202311 _bLúcia _c55 _dLúcia Elande |
||
| 942 |
_2AGRIS _n0 _cANA |
||
| 999 |
_c169672 _d169672 |
||